RTPI's national awards scheme (Record no. 73968)
[ view plain ]
| 000 -LEADER | |
|---|---|
| fixed length control field | 01467cam a2200253 4500 |
| 001 - CONTROL NUMBER | |
| control field | ABS67363 |
| 008 - FIXED-LENGTH DATA ELEMENTS--GENERAL INFORMATION | |
| fixed length control field | 031218n2003 000 0 eng u |
| 035 ## - SYSTEM CONTROL NUMBER | |
| System control number | (Sirsi) u124643 |
| 100 ## - MAIN ENTRY--PERSONAL NAME | |
| Personal name | Fyson, A. |
| 245 ## - TITLE STATEMENT | |
| Title | RTPI's national awards scheme |
| 260 ## - PUBLICATION, DISTRIBUTION, ETC. | |
| Date of publication, distribution, etc. | 2003 |
| 490 ## - SERIES STATEMENT | |
| Series statement | Planning (for the Natural and Built Environment) |
| Volume/sequential designation | (1549) 28 November 2003, 14(1) |
| 490 ## - SERIES STATEMENT | |
| Series statement | Planning (for the Natural and Built Environment) |
| Volume/sequential designation | (1550) 5 December 2003, 19(1) |
| 490 ## - SERIES STATEMENT | |
| Series statement | Planning (for the Natural and Built Environment) |
| Volume/sequential designation | (1551) 12 December 2003, 17(1) |
| 520 ## - SUMMARY, ETC. | |
| Summary, etc. | A series of three articles on the Royal Town Planning Institute's planning awards finalists. "Team work is key to success" looks at five entries which demonstrate successful partnership achievements ranging from town centre and waterfront renewal to transport and conservation. "Planning in the public eye" introduces six entries which illustrate how planners can open up lines of communication with their local communities. "Vision makes a difference" describes six entries which show how taking a long-term positive view can breath new life into communities. Each entry had to set a model with planners playing a key role. |
| 590 ## - LOCAL NOTE (RLIN) | |
| Local note | ABS |
| 650 ## - SUBJECT ADDED ENTRY--TOPICAL TERM | |
| Topical term or geographic name entry element | PARTNERSHIPS |
| 650 ## - SUBJECT ADDED ENTRY--TOPICAL TERM | |
| Topical term or geographic name entry element | SUSTAINABLE DEVELOPMENT |
| 650 ## - SUBJECT ADDED ENTRY--TOPICAL TERM | |
| Topical term or geographic name entry element | TOWN CENTRES |
| 650 ## - SUBJECT ADDED ENTRY--TOPICAL TERM | |
| Topical term or geographic name entry element | RURAL DEVELOPMENT |
| 650 ## - SUBJECT ADDED ENTRY--TOPICAL TERM | |
| Topical term or geographic name entry element | URBAN REGENERATION |
| 690 ## - LOCAL SUBJECT ADDED ENTRY--TOPICAL TERM (OCLC, RLIN) | |
| Topical term or geographic name as entry element | ENVIRONMENTAL AND LAND CONSULTANCY-PLANNING AND DEVELOPMENT |
| 942 ## - ADDED ENTRY ELEMENTS (KOHA) | |
| Suppress in OPAC | 0 |
| Withdrawn status | Lost status | Source of classification or shelving scheme | Damaged status | Not for loan | Home library | Current library | Shelving location | Date acquired | Total Checkouts | Full call number | Barcode | Date last seen | Copy number | Price effective from | Koha item type |
|---|---|---|---|---|---|---|---|---|---|---|---|---|---|---|---|
| Dewey Decimal Classification | London | London | Journal article | 18/12/2003 | ABS67363 | 124643-1001 | 06/08/2019 | 1 | 06/08/2019 | Journal article |